000 00291nam a2200109Ia 4500
008 171211s9999 xx 000 0 und d
245 _aNero: The End of a Dynasty
245 _cMiriam Griffin
260 _c2000
650 _xBiography
856 _uhttp://down.ebook777.com/060/0415214645.pdf
999 _c349961
_d349961